000
00332nam a2200145 a 4500
005
20140414132054.0
008
100520s19uu xx 00 eng d
050
_a
REF 610
_b
P37 2000
100
_a
Parker, Steven
245
_a
Medicine.
440
_a
Eyewitness books
650
_a
Medicine
999
_c
114277
_d
114277